| 000 | 01464nam a22001697a 4500 | ||
|---|---|---|---|
| 003 | OSt | ||
| 005 | 20260128005417.0 | ||
| 008 | 260128b |||||||| |||| 00| 0 eng d | ||
| 040 |
_aDWCL GS library _cOC |
||
| 082 | _aFic.B742t 2010 | ||
| 100 | _aBosch, Paeudonymous | ||
| 245 | _athis isn't what it looks like | ||
| 260 |
_aNew York _bHatchette Book Group _cc2010 |
||
| 300 |
_a423 423 _billustrations _c20cm |
||
| 700 | _aPseudonymous Bosch | ||
| 942 |
_2ddc _cFIC. _hFic.B742t 2010 _n0 |
||
| 999 |
_c7880 _d7880 |
||